Krajinný areál rekreácie a ochrany prírody - juhozápadný krajinný pás Petržalka, Bratislava

Gespeichert in:
Bibliographische Detailangaben
1. Verfasser: Kulčár, Slavoj, 1986- (Verfasst von)
Weitere Verfasser: Gál, Peter, 1942- (Betreuung Doktorarbeit)
Format: Manuskript Buch
Sprache:Slowakisch
Veröffentlicht: Bratislava : STU v Bratislave SvF, 2010
Schlagworte:
Online-Zugang:VAIS
Tags: Tag hinzufügen
Keine Tags, Fügen Sie das erste Tag hinzu!

MARC

LEADER 00000ntm a22000003a 4500
001 stu216719
005 20160721135542.1
008 101116s2010----xo------------------slo-d
040 |a STU  |b slo 
041 0 |a slo 
044 |a xo 
100 1 |a Kulčár, Slavoj,  |d 1986-  |4 aut  |X 4876  |7 A000004876 
242 0 0 |a KRAJINNÝ AREÁL REKREÁCIE A OCHRANY PRÍRODY – JUHOZÁPADNÝ KRAJINNÝ PÁS PETRŽALKA, BRATISLAVA   |y eng 
245 1 |a Krajinný areál rekreácie a ochrany prírody - juhozápadný krajinný pás Petržalka, Bratislava 
260 |a Bratislava :  |b STU v Bratislave SvF,  |c 2010 
650 7 |a krajinárstvo a krajinné plánovanie  |2 stusub 
650 7 |a Landscaping and Landscape Planning  |2 estusub 
650 7 |a recreation  |2 estusub 
650 7 |a rekreácia  |2 stusub 
700 1 |a Gál, Peter,  |d 1942-  |4 ths  |u A7170  |U FAD Fakulta architektúry  |T FA Ústav krajinnej a záhradnej architektúry  |X 495  |U A7170  |Y 398  |7 A000000495 
856 4 |a info a plný text  |u http://is.stuba.sk/zp/portal_zp.pl?podrobnosti=72513  |3 VAIS